[Event "GER-ch U12"]
[Site "Oberhof"]
[Date "2010.05.28"]
[Round "9"]
[White "Sadjjadi, Anahita"]
[Black "Silber, Stefanie"]
[Result "1-0"]
[WhiteElo "1016"]
[BlackElo "847"]
[PlyCount "131"]
[EventDate "2010.05.22"]
[EventType "swiss"]
[EventRounds "11"]
[EventCountry "GER"]
[SourceTitle "CBM 136 Extra"]
[Source "ChessBase"]
[SourceDate "2010.07.02"]
[SourceVersion "2"]
[SourceVersionDate "2010.07.15"]
[SourceQuality "1"]

1. e4 c6 2. Nc3 d5 3. Nf3 e6 4. Be2 Ne7 5. 0-0 g6 6. d3 h6 7. Bf4 Bg7 8. Qd2 Nd7 9. e5 b5 10. b4 Ba6 11. d4 Qb6 12. Bd3 0-0-0 13. a4 Kb8 14. a5 Qb7 15. Ne2 h5 16. Ng5 Rdf8 17. c3 Bh6 18. h3 h4 19. Qe3 Ka8 20. g3 hxg3 21. Qxg3 Nf5 22. Bxf5 gxf5 23. Qh2 Rhg8 24. h4 Qc7 25. Kh1 Bxg5 26. Bxg5 f6 27. Bxf6 Nxf6 28. exf6 Qxh2+ 29. Kxh2 Rxf6 30. Rg1 Rxg1 31. Rxg1 Kb8 32. h5 Kc8 33. Rg6 Rf7 34. h6 Kd8 35. Rg7 Rf6 36. h7 Rh6+ 37. Kg3 Ke8 38. Rg8+ Kf7 39. h8Q Rxh8 40. Rxh8 Ke7 41. Rh7+ Kd6 42. Rxa7 Bc8 43. a6 e5 44. Kf3 e4+ 45. Kf4 Bxa6 46. Rxa6 Kc7 47. Kxf5 Kb7 48. Ra5 e3 49. fxe3 Kb6 50. e4 dxe4 51. Kxe4 Kb7 52. d5 cxd5+ 53. Kxd5 Kb6 54. c4 bxc4 55. Kxc4 Kb7 56. Rh5 Kc6 57. Rh6+ Kd7 58. Kc5 Ke7 59. Ra6 Kd7 60. b5 Kc7 61. Ra7+ Kb8 62. Rh7 Kc8 63. Kd6 Kb8 64. Kc6 Ka8 65. Kb6 Kb8 66. Rh8# 1-0

[Event "GER-ch U12"]
[Site "Willingen"]
[Date "2009.06.06"]
[Round "11"]
[White "Sadjjadi, Anahita"]
[Black "Michels, Kim"]
[Result "0-1"]
[WhiteElo "1010"]
[BlackElo "1349"]
[PlyCount "70"]
[EventDate "2009.05.30"]
[EventType "swiss"]
[EventRounds "11"]
[EventCountry "GER"]
[SourceTitle "EXT 2010"]
[Source "ChessBase"]
[SourceDate "2010.11.25"]
[SourceVersion "1"]
[SourceVersionDate "2010.11.25"]
[SourceQuality "1"]

1. d4 f5 2. e3 Nf6 3. c3 g6 4. Nf3 Bg7 5. Bd3 0-0 6. Nbd2 d6 7. 0-0 Qe8 8. b3 e5 9. Bb2 e4 10. Bc4+ d5 11. Be2 exf3 12. Nxf3 Nc6 13. Bb5 a6 14. Bxc6 Qxc6 15. Ne5 Qd6 16. Rc1 Be6 17. Rc2 Nd7 18. Qc1 Nxe5 19. Ba3 Nd3 20. Bxd6 Nxc1 21. Bxf8 Kxf8 22. Rcxc1 Kg8 23. c4 dxc4 24. bxc4 c6 25. Rfd1 Rd8 26. f3 Bh6 27. d5 Bxe3+ 28. Kf1 Bxc1 29. Rxc1 cxd5 30. cxd5 Bxd5 31. Ke1 Bxa2 32. Rc7 Bd5 33. Rc2 b5 34. Rd2 a5 35. Rb2 b4 0-1

[Event "GER-ch U12"]
[Site "Willingen"]
[Date "2009.06.04"]
[Round "8"]
[White "Sadjjadi, Anahita"]
[Black "Weber, Sandra"]
[Result "0-1"]
[WhiteElo "1010"]
[BlackElo "1315"]
[PlyCount "80"]
[EventDate "2009.05.30"]
[EventType "swiss"]
[EventRounds "11"]
[EventCountry "GER"]
[SourceTitle "EXT 2010"]
[Source "ChessBase"]
[SourceDate "2010.11.25"]
[SourceVersion "1"]
[SourceVersionDate "2010.11.25"]
[SourceQuality "1"]

1. e4 e5 2. Nf3 Nf6 3. Nc3 Nc6 4. Bb5 Bb4 5. d3 d6 6. Bd2 0-0 7. 0-0 h6 8. h3 Bd7 9. Qe2 a6 10. a3 Bxc3 11. Bxc6 Bxd2 12. Bxd7 Qxd7 13. Qxd2 Rfe8 14. b4 d5 15. Rfe1 dxe4 16. dxe4 Qc6 17. Nh4 Nxe4 18. Qd3 Ng5 19. c4 Rad8 20. Qc3 Qf6 21. c5 Qf4 22. Qg3 Qxg3 23. fxg3 f6 24. Nf3 Ne6 25. Nd2 Nd4 26. Rac1 Rd7 27. Nc4 Rb8 28. Rcd1 Ne2+ 29. Kf2 Rxd1 30. Rxd1 Nd4 31. a4 Kf7 32. Ke3 Ke6 33. Ke4 b6 34. a5 bxa5 35. bxa5 Rb5 36. Rc1 Rxc5 37. Kd3 Rb5 38. Ne3 c5 39. Nc4 Nb3 40. Rb1 Nd4 0-1

[Event "GER-ch U12"]
[Site "Willingen"]
[Date "2009.06.03"]
[Round "6"]
[White "Wagner, Swenja"]
[Black "Sadjjadi, Anahita"]
[Result "0-1"]
[WhiteElo "833"]
[BlackElo "1010"]
[PlyCount "76"]
[EventDate "2009.05.30"]
[EventType "swiss"]
[EventRounds "11"]
[EventCountry "GER"]
[SourceTitle "EXT 2010"]
[Source "ChessBase"]
[SourceDate "2010.11.25"]
[SourceVersion "1"]
[SourceVersionDate "2010.11.25"]
[SourceQuality "1"]

1. e4 d5 2. exd5 Qxd5 3. Nc3 Qa5 4. d4 c6 5. Nf3 Bg4 6. Bc4 e6 7. Bd2 Qd8 8. h3 Bxf3 9. Qxf3 Nf6 10. Bg5 Nbd7 11. 0-0-0 Be7 12. Rhe1 Nb6 13. Bd3 0-0 14. Qg3 Nh5 15. Qh4 Bxg5+ 16. Qxg5 Qxg5+ 17. Kb1 Nf4 18. g3 Nxh3 19. f4 Qxg3 20. Rh1 h6 21. Ne2 Qg4 22. Rh2 Nxf4 23. b3 Nxe2 24. Bxe2 Qe4 25. Bd3 Qd5 26. Rg1 Qxd4 27. Rxh6 Qxg1+ 28. Kb2 Qd4+ 29. Ka3 gxh6 30. Bh7+ Kxh7 31. c3 Qd2 32. Kb4 Rad8 33. Ka3 Rd5 34. c4 Rd3 35. c5 Qc3 36. cxb6 Qc5+ 37. Kb2 Rd2+ 38. Kb1 Qg1# 0-1

[Event "GER-ch U12"]
[Site "Willingen"]
[Date "2009.05.30"]
[Round "1"]
[White "Sadjjadi, Anahita"]
[Black "Oehne, Timo"]
[Result "0-1"]
[WhiteElo "1010"]
[BlackElo "1551"]
[PlyCount "52"]
[EventDate "2009.05.30"]
[EventType "swiss"]
[EventRounds "11"]
[EventCountry "GER"]
[SourceTitle "EXT 2010"]
[Source "ChessBase"]
[SourceDate "2010.11.25"]
[SourceVersion "1"]
[SourceVersionDate "2010.11.25"]
[SourceQuality "1"]

1. e4 g6 2. Nf3 d6 3. d4 Bg7 4. Nc3 Nf6 5. Bc4 Nxe4 6. Nxe4 d5 7. Bxd5 Qxd5 8. Qd3 Bf5 9. Nfd2 Bh6 10. Qe2 Bxd2+ 11. Nxd2 Qxg2 12. Qf3 Qxf3 13. Nxf3 Bxc2 14. Ne5 Nd7 15. b3 Nxe5 16. dxe5 0-0-0 17. Bb2 e6 18. Rc1 Be4 19. Rg1 Rd7 20. a4 Rhd8 21. Rg3 Rd3 22. Ra1 Rd2 23. Bc3 R2d3 24. Bb2 Bf3 25. Rxf3 Rxf3 26. Ke2 Rxb3 0-1

[Event "GER-ch U10"]
[Site "Willingen"]
[Date "2008.05.11"]
[Round "5"]
[White "Sadjjadi, Anahita"]
[Black "Mueller, Max Ferdinand"]
[Result "1-0"]
[WhiteElo "863"]
[BlackElo "800"]
[PlyCount "145"]
[EventDate "2008.05.11"]
[EventType "swiss"]
[EventRounds "11"]
[EventCountry "GER"]
[SourceTitle "CBM 124 Extra"]
[Source "ChessBase"]
[SourceDate "2008.07.03"]
[SourceVersion "1"]
[SourceVersionDate "2008.07.03"]
[SourceQuality "1"]

1. e4 e5 2. Nc3 Nf6 3. Nf3 Nc6 4. Bb5 d6 5. h3 g6 6. d3 Bg7 7. Bg5 0-0 8. 0-0 a6 9. Ba4 b5 10. Bb3 Ne7 11. Qd2 Bb7 12. Bh6 Bxh6 13. Qxh6 d5 14. Qg5 Nd7 15. Qh6 f6 16. exd5 b4 17. d6+ Kh8 18. dxe7 Qxe7 19. Nd5 Bxd5 20. Bxd5 Rad8 21. Nh4 Qg7 22. Qxg7+ Kxg7 23. c3 bxc3 24. bxc3 Nc5 25. d4 exd4 26. cxd4 Rxd5 27. dxc5 Rxc5 28. Nf3 Rc8 29. Nd4 Re5 30. Rfe1 Rxe1+ 31. Rxe1 c5 32. Ne6+ Kh6 33. g4 c4 34. h4 g5 35. hxg5+ fxg5 36. f4 gxf4 37. Nxf4 c3 38. Rc1 Rc4 39. Nd5 c2 40. Ne3 Rc3 41. Nxc2 Rg3+ 42. Kf2 Rxg4 43. Ne3 Ra4 44. Rh1+ Kg6 45. Ra1 h5 46. Ng2 Kg5 47. Kg3 h4+ 48. Kh2 Kg4 49. Ne3+ Kf3 50. Nd5 Rg4 51. Kh3 a5 52. Ne7 a4 53. Nc6 a3 54. Ne5+ Kf4 55. Nxg4 Ke4 56. Kxh4 Kd3 57. Rb1 Kc2 58. Rb8 Kc3 59. Rb3+ Kc2 60. Rxa3 Kb2 61. Ra8 Kc3 62. Rb8 Kc4 63. a4 Kc5 64. a5 Kc6 65. a6 Kc7 66. Rb1 Kc6 67. a7 Kc7 68. a8Q Kd6 69. Qe4 Kc5 70. Rd1 Kb6 71. Qc2 Kb5 72. Rb1+ Ka5 73. Qa2# 1-0

[Event "GER-ch U10"]
[Site "Willingen"]
[Date "2008.05.11"]
[Round "9"]
[White "Zeller, Anna"]
[Black "Sadjjadi, Anahita"]
[Result "0-1"]
[WhiteElo "690"]
[BlackElo "863"]
[PlyCount "138"]
[EventDate "2008.05.11"]
[EventType "swiss"]
[EventRounds "11"]
[EventCountry "GER"]
[SourceTitle "CBM 124 Extra"]
[Source "ChessBase"]
[SourceDate "2008.07.03"]
[SourceVersion "1"]
[SourceVersionDate "2008.07.03"]
[SourceQuality "1"]

1. e4 e5 2. Nf3 Nc6 3. c3 Nf6 4. d4 exd4 5. e5 Ng4 6. cxd4 d6 7. Bb5 Bd7 8. d5 Na5 9. Bxd7+ Qxd7 10. h3 Nxe5 11. Nxe5 dxe5 12. Nc3 Bb4 13. Bd2 0-0 14. Qa4 Qxa4 15. Nxa4 Bxd2+ 16. Kxd2 c6 17. Rhe1 Nc4+ 18. Kc3 cxd5 19. b3 d4+ 20. Kxc4 a6 21. Nb6 Rae8 22. Nd7 Rc8+ 23. Kd3 Rfd8 24. Nxe5 Re8 25. Kxd4 Rcd8+ 26. Ke4 f6 27. Kf4 fxe5+ 28. Rxe5 Rf8+ 29. Rf5 b5 30. Rxf8+ Rxf8+ 31. Ke5 Rxf2 32. g4 g6 33. a4 bxa4 34. Rxa4 Rb2 35. Rxa6 Rxb3 36. h4 Rb4 37. h5 gxh5 38. gxh5 Rb5+ 39. Kd6 Rxh5 40. Ra8+ Kg7 41. Ra7+ Kg6 42. Ke7 h6 43. Ra6+ Kg5 44. Ra5+ Kg4 45. Rxh5 Kxh5 46. Kf6 Kg4 47. Ke5 h5 48. Ke4 Kg3 49. Ke3 h4 50. Ke2 Kg2 51. Ke1 h3 52. Ke2 h2 53. Ke1 h1Q+ 54. Ke2 Qf1+ 55. Ke3 Qf3+ 56. Kd4 Qe2 57. Kd5 Kf3 58. Kd4 Qe4+ 59. Kc5 Qd3 60. Kc6 Ke4 61. Kc7 Ke5 62. Kc8 Ke6 63. Kc7 Qd7+ 64. Kb6 Qc8 65. Kb5 Kd5 66. Kb4 Qc4+ 67. Ka5 Qb3 68. Ka6 Kc6 69. Ka7 Qb7# 0-1

[Event "GER-ch U10"]
[Site "Willingen"]
[Date "2007.06.01"]
[Round "11"]
[White "Buttgereit, Vincent"]
[Black "Sadjjadi, Anahita"]
[Result "1-0"]
[WhiteElo "890"]
[BlackElo "765"]
[PlyCount "57"]
[EventDate "2007.05.26"]
[EventType "swiss"]
[EventRounds "11"]
[EventCountry "GER"]
[SourceTitle "CBM 118 Extra"]
[Source "ChessBase"]
[SourceDate "2007.07.04"]
[SourceVersion "1"]
[SourceVersionDate "2007.07.04"]
[SourceQuality "1"]

1. d4 d5 2. Nc3 Nf6 3. Nf3 Nc6 4. Bf4 e6 5. Nb5 Kd7 6. Nxc7 Rb8 7. e3 Bb4+ 8. c3 Bd6 9. Bxd6 Kxd6 10. Nb5+ Kd7 11. Ng5 Qe7 12. Qf3 h6 13. Nh3 Na5 14. Qg3 Nc6 15. Qxg7 Qd8 16. Qg3 Ra8 17. Qd6+ Ke8 18. Nc7+ Qxc7 19. Qxc7 Bd7 20. Qf4 Nh5 21. Qc7 Rb8 22. Be2 Nf6 23. Qf4 Ke7 24. c4 Nb4 25. 0-0 dxc4 26. Bxc4 Nc2 27. Rac1 Nb4 28. Qe5 Ng4 29. Qc5+ 1-0

[Event "GER-ch U10"]
[Site "Willingen"]
[Date "2007.06.01"]
[Round "10"]
[White "Mehling, Katharina"]
[Black "Sadjjadi, Anahita"]
[Result "1-0"]
[WhiteElo "899"]
[BlackElo "765"]
[PlyCount "41"]
[EventDate "2007.05.26"]
[EventType "swiss"]
[EventRounds "11"]
[EventCountry "GER"]
[SourceTitle "CBM 118 Extra"]
[Source "ChessBase"]
[SourceDate "2007.07.04"]
[SourceVersion "1"]
[SourceVersionDate "2007.07.04"]
[SourceQuality "1"]

1. e4 e5 2. Nf3 Nc6 3. Nc3 Nf6 4. Bb5 a6 5. Bxc6 dxc6 6. d4 h6 7. Nxe5 Bb4 8. Bd2 Qxd4 9. Nf3 Qc5 10. Ne2 Ba5 11. a3 Bb6 12. 0-0 Qh5 13. h3 Qg6 14. Nf4 Qh7 15. Re1 a5 16. c4 Qg8 17. b4 a4 18. c5 Ba7 19. Qxa4 b5 20. cxb6 Bb7 21. bxa7 1-0

[Event "GER-ch U10"]
[Site "Willingen"]
[Date "2007.05.29"]
[Round "6"]
[White "Nobis, Anna"]
[Black "Sadjjadi, Anahita"]
[Result "1-0"]
[WhiteElo "969"]
[BlackElo "765"]
[PlyCount "69"]
[EventDate "2007.05.26"]
[EventType "swiss"]
[EventRounds "11"]
[EventCountry "GER"]
[SourceTitle "CBM 118 Extra"]
[Source "ChessBase"]
[SourceDate "2007.07.04"]
[SourceVersion "1"]
[SourceVersionDate "2007.07.04"]
[SourceQuality "1"]

1. e4 d5 2. exd5 Qxd5 3. Nc3 Qd8 4. Nf3 Nc6 5. Be2 Bg4 6. 0-0 e6 7. d3 Bb4 8. Be3 Nf6 9. a3 Bxc3 10. bxc3 0-0 11. Rb1 b6 12. Qd2 Rb8 13. Rfe1 Re8 14. h3 Bxf3 15. Bxf3 Qd7 16. Qe2 Nd5 17. Bd2 Nce7 18. c4 Nf6 19. Qe5 Ng6 20. Qg3 c5 21. Bc3 Qe7 22. h4 h5 23. Bxf6 Qxf6 24. Bxh5 Qc3 25. Bxg6 fxg6 26. Qxg6 e5 27. Re3 Qxc2 28. Rbe1 Qc3 29. R1e2 Qxa3 30. Rg3 Re7 31. Rxe5 Rd7 32. Rgg5 Qxd3 33. Re8+ Rxe8 34. Qxe8+ Kh7 35. Rh5# 1-0